| 000 | 01142nam0a22002531 4500 | ||
|---|---|---|---|
| 001 | rc\910418 | ||
| 005 | 20260406164723.0 | ||
| 035 | _a(NLR Aleph) 006085222 | ||
| 090 |
_a5118770 _c5118770 |
||
| 100 | _a20041129d1984 |||y0rusy50 ca | ||
| 101 | 0 | _arus | |
| 102 | _aRU | ||
| 105 | _aa ||||||||| | ||
| 200 | 1 |
_aОборудование и прогрессивная технология обработки давлением авиационных материалов _eМежвуз. сб. науч. тр. _fАндропов. авиац. технол. ин-т _g[Редкол.: Колпашников А.И. (отв. ред.) и др.] |
|
| 210 |
_aЯрославль _cЯросл. политехн. ин-т _d1984 |
||
| 215 |
_a111 с. _cил. _d21 |
||
| 320 | _aБиблиогр. в конце ст. | ||
| 702 | 1 |
_aКолпашников _bА.И. _gАлександр Иванович _4340 |
|
| 712 | 0 | 2 |
_aРыбинский авиационный технологический институт _3RU\NLR\AUTH\889936189 _9367212 |
| 801 | 0 |
_aRU _bNLR _gpsbo |
|
| 801 | 1 |
_aRU _bELAR _2rusmarc |
|
| 852 |
_aNLR _j85-5/3496 |
||
| 942 | _cBOOK | ||
| 980 | _aNB | ||